ნორმალური ფორმატი
MARC ფორმატი
ჩანაწერი Corporate Name
ჩანაწერთა რაოდენობა, რომელიც გამოყენებულია: 1
001 - CONTROL NUMBER
- control field: 12463
003 - CONTROL NUMBER IDENTIFIER
- control field: GE_BSU
005 - DATE AND TIME OF LATEST TRANSACTION
- control field: 20210911181304.0
008 - FIXED-LENGTH DATA ELEMENTS
- fixed length control field: 210911|| aca||aabn | a|a d
040 ## - CATALOGING SOURCE
- Original cataloging agency: GE_BSU
- Transcribing agency: GE_BSU
110 ## - HEADING--CORPORATE NAME
- Corporate name or jurisdiction name as entry element: Инст-т законодательства и сравнительного правоведения при правит-е РФ
670 ## - SOURCE DATA FOUND
- Source citation: Work cat.: (GE_BSU)54255: АСЕАН-Движущая сила интеграции в Азии :
